[Event "CAN-op"]
[Site "Victoria CAN"]
[Date "2012.07.12"]
[Round "8.5"]
[White "Villavieja, Butch"]
[Black "Porper, Edward"]
[Result "1/2-1/2"]
[WhiteElo "2303"]
[BlackElo "2481"]
[PlyCount "198"]
[GameId "2160767909508284"]
[EventDate "2012.07.08"]
[EventType "swiss"]
[EventRounds "9"]
[EventCountry "CAN"]

1. e4 Nf6 2. Nc3 d5 3. exd5 Nxd5 4. Bc4 Nxc3 5. bxc3 Nd7 6. d4 e6 7. Nf3 Be7 8. O-O O-O 9. Bd3 b6 10. Be4 Rb8 11. Qd3 h6 12. Bf4 Bd6 13. Bd2 c5 14. Qe2 Qc7 15. Bd3 Bb7 16. h3 Rbc8 17. Rfe1 Rfd8 18. Rad1 cxd4 19. cxd4 Bd5 20. a4 Bc4 21. Qe4 Bxd3 22. cxd3 Nf6 23. Qh4 Nh7 24. Qg4 Kh8 25. Rc1 Qd7 26. Rxc8 Qxc8 27. a5 Qc6 28. axb6 axb6 29. Qh4 Rc8 30. Ne5 Bxe5 31. dxe5 Qd5 32. d4 b5 33. Bb4 Kg8 34. Bc5 Nf8 35. Rb1 Ng6 36. Qg3 Rb8 37. Rb4 Qe4 38. Bd6 Rc8 39. Kh2 Rc1 40. Rxb5 Qe1 41. Qe3 Qf1 42. Rb8+ Kh7 43. Rb3 Rd1 44. Kg3 Qh1 45. Qe4 h5 46. Be7 Re1 47. Qf3 Kh6 48. Bd8 Rb1 49. Bg5+ Kh7 50. Qxh5+ Kg8 51. Qf3 Rxb3 52. Qxb3 Qa1 53. Qb6 Qc3+ 54. Kh2 Qc2 55. Qd8+ Kh7 56. Be3 Qe4 57. g3 Qf3 58. h4 Qb7 59. Qg5 Ne7 60. g4 Nd5 61. h5 Qb1 62. Qh4 Qd1 63. Qg3 Qe2 64. Kh3 Qf1+ 65. Qg2 Qd3 66. Qf3 Kg8 67. Kg2 Qc2 68. g5 Qb1 69. Kh2 Qc2 70. Qh3 Qe2 71. h6 Qc2 72. hxg7 Kxg7 73. Qf3 Qd3 74. Kg2 Qc2 75. Bf4 Qf5 76. Bc1 Qc2 77. Ba3 Qd2 78. g6 Kxg6 79. Qg4+ Kh7 80. Qh5+ Kg7 81. Qg4+ Kh7 82. Qh4+ Kg6 83. Bf8 Qg5+ 84. Qxg5+ Kxg5 85. Kf3 Kf5 86. Bh6 Nb4 87. Bf8 Nd5 88. Bg7 Nb4 89. Bh6 Nd5 90. Bd2 Nb6 91. Be3 Nd5 92. Bc1 Nb6 93. Ke3 Nd5+ 94. Kd3 Kg4 95. Be3 Kf3 96. Kd2 Nb6 97. Kd3 Nd5 98. Kd2 Nb6 99. Kd3 Nd5 1/2-1/2

[Event "CAN-op"]
[Site "Victoria CAN"]
[Date "2012.07.12"]
[Round "8.6"]
[White "Calugar, Arthur"]
[Black "Li, Kevin"]
[Result "1/2-1/2"]
[WhiteElo "2404"]
[BlackElo "2232"]
[PlyCount "83"]
[GameId "2160767909508285"]
[EventDate "2012.07.08"]
[EventType "swiss"]
[EventRounds "9"]
[EventCountry "CAN"]

1. b3 e5 2. Bb2 Nc6 3. e3 d5 4. Bb5 Bd6 5. Nf3 Bg4 6. h3 Bxf3 7. Qxf3 Nf6 8. c4 O-O 9. Bxc6 bxc6 10. c5 Bxc5 11. Bxe5 Nd7 12. Bb2 Bd6 13. O-O Qe7 14. Nc3 f5 15. Ne2 Ne5 16. Bxe5 Qxe5 17. g3 c5 18. d4 cxd4 19. Nxd4 c5 20. Nc6 Qe4 21. Qxe4 fxe4 22. Rfd1 Rf5 23. Rac1 a5 24. g4 Rg5 25. Kf1 Bf8 26. Ke2 h5 27. Rd2 hxg4 28. hxg4 a4 29. Rcd1 axb3 30. axb3 Rxg4 31. Rxd5 Ra2+ 32. R1d2 Rxd2+ 33. Kxd2 Rg6 34. Ne5 Rg5 35. Kc3 Rf5 36. Kc4 Rxf2 37. Ng4 Rc2+ 38. Kb5 Rb2 39. Ka4 Ra2+ 40. Kb5 Rb2 41. Kc4 Rc2+ 42. Kb5 1/2-1/2

[Event "CAN-op"]
[Site "Victoria CAN"]
[Date "2012.07.12"]
[Round "8.7"]
[White "Chen, Howard"]
[Black "Yam, Alex"]
[Result "0-1"]
[WhiteElo "2223"]
[BlackElo "2374"]
[PlyCount "80"]
[GameId "2160767909508286"]
[EventDate "2012.07.08"]
[EventType "swiss"]
[EventRounds "9"]
[EventCountry "CAN"]

1. d4 Nf6 2. Nf3 c5 3. d5 e6 4. Nc3 d6 5. e4 e5 6. Bb5+ Nbd7 7. a4 g6 8. h3 a6 9. Bd3 Qc7 10. Qe2 Nh5 11. g3 b6 12. Nd1 Bg7 13. c4 O-O 14. Nh4 Qd8 15. Ng2 Ra7 16. g4 Nf4 17. Nxf4 exf4 18. Bxf4 Ne5 19. Rg1 Kh8 20. Bc2 Qh4 21. Ra3 f5 22. Bg3 Qd8 23. f4 Nf7 24. gxf5 gxf5 25. Bf2 Qf6 26. Qh5 fxe4 27. Bh4 Qh6 28. Qxh6 Nxh6 29. Rb3 Nf5 30. Bf2 Nd4 31. Bxd4 cxd4 32. Bxe4 Re7 33. Nf2 Bf5 34. Kd2 Bxe4 35. Nxe4 Rxe4 36. Rxb6 Rexf4 37. Rxd6 Rf2+ 38. Kc1 d3 39. Rc6 Bxb2+ 40. Kb1 Bd4 0-1

[Event "CAN-op"]
[Site "Victoria CAN"]
[Date "2012.07.12"]
[Round "8.9"]
[White "Reeve, Jeff"]
[Black "McLaren, Brian"]
[Result "1-0"]
[WhiteElo "2326"]
[BlackElo "2177"]
[PlyCount "53"]
[GameId "2160767909508287"]
[EventDate "2012.07.08"]
[EventType "swiss"]
[EventRounds "9"]
[EventCountry "CAN"]

1. e4 b6 2. d4 Bb7 3. Bd3 e6 4. Nf3 c5 5. c3 d6 6. O-O Nd7 7. Qe2 Ngf6 8. Nbd2 cxd4 9. cxd4 Be7 10. b4 a5 11. b5 O-O 12. Bb2 Re8 13. h4 Bf8 14. e5 dxe5 15. dxe5 Nc5 16. Bc2 Nd5 17. Bxh7+ Kh8 18. Be4 Be7 19. g3 Qd7 20. Nd4 Nxe4 21. Nxe4 Rac8 22. Rfd1 Rc7 23. Nf3 Kg8 24. Nfg5 Bxg5 25. Nxg5 g6 26. Ne4 Rec8 27. Rxd5 1-0

[Event "CAN-op"]
[Site "Victoria CAN"]
[Date "2012.07.12"]
[Round "8.10"]
[White "Pechisker, Alfred"]
[Black "Babb, Jeff"]
[Result "1/2-1/2"]
[WhiteElo "2278"]
[BlackElo "2194"]
[PlyCount "82"]
[GameId "2160767909508288"]
[EventDate "2012.07.08"]
[EventType "swiss"]
[EventRounds "9"]
[EventCountry "CAN"]

1. d4 Nf6 2. c4 c5 3. d5 b5 4. cxb5 a6 5. bxa6 g6 6. Nc3 Bxa6 7. e4 Bxf1 8. Kxf1 d6 9. Nf3 Nbd7 10. g3 Bg7 11. Kg2 O-O 12. Re1 Ng4 13. h3 Nge5 14. Nxe5 Nxe5 15. f4 Nd7 16. Re2 Qa5 17. Rc2 Rfb8 18. Qe2 Qa6 19. Qxa6 Rxa6 20. Bd2 f5 21. Re1 fxe4 22. Rxe4 Kf8 23. Ra4 Rab6 24. b3 R6b7 25. f5 Bd4 26. fxg6 hxg6 27. Ne2 Nb6 28. Nxd4 Nxa4 29. Nc6 Nb6 30. Nxb8 Rxb8 31. Bh6+ Kf7 32. Rf2+ Kg8 33. Rd2 Kf7 34. Bf4 c4 35. bxc4 Nxc4 36. Rc2 Rb4 37. Kf3 Nb6 38. Rd2 Ra4 39. h4 Ra5 40. Ke4 Ra4+ 41. Kf3 Ra5 1/2-1/2

[Event "CAN-op"]
[Site "Victoria CAN"]
[Date "2012.07.12"]
[Round "8.11"]
[White "Rohonyan, Katerina"]
[Black "Awatramani, Janak"]
[Result "1/2-1/2"]
[WhiteElo "2351"]
[BlackElo "2129"]
[PlyCount "56"]
[GameId "2160767909508289"]
[EventDate "2012.07.08"]
[EventType "swiss"]
[EventRounds "9"]
[EventCountry "CAN"]

1. e4 e6 2. d4 b6 3. Nf3 Bb7 4. Bd3 Be7 5. O-O d5 6. e5 c5 7. c3 Nc6 8. Re1 a6 9. Nbd2 g5 10. Nf1 g4 11. N3d2 h5 12. dxc5 bxc5 13. b3 Qc7 14. Qe2 Nh6 15. Bb2 Bg5 16. b4 c4 17. Bc2 Bf4 18. Ba4 O-O-O 19. g3 Nxe5 20. gxf4 Nd3 21. Bc1 Nxf4 22. Qe5 Nh3+ 23. Kg2 d4+ 24. f3 Nf5 25. Qxc7+ Kxc7 26. Re4 Nh4+ 27. Kg3 Nf5+ 28. Kg2 Nh4+ 1/2-1/2

[Event "CAN-op"]
[Site "Victoria CAN"]
[Date "2012.07.12"]
[Round "8.12"]
[White "Wu, Howard"]
[Black "Moore, Harry"]
[Result "1-0"]
[WhiteElo "2129"]
[BlackElo "2279"]
[PlyCount "65"]
[GameId "2160767909508290"]
[EventDate "2012.07.08"]
[EventType "swiss"]
[EventRounds "9"]
[EventCountry "CAN"]

1. e4 c5 2. Nf3 e6 3. d4 cxd4 4. Nxd4 a6 5. Bd3 Bc5 6. Nb3 Ba7 7. Nc3 Nc6 8. f4 Nge7 9. Qf3 O-O 10. Be3 b5 11. O-O-O Qc7 12. e5 f5 13. exf6 gxf6 14. Bxa7 Qxa7 15. Qg4+ Kh8 16. Qh5 f5 17. Rhf1 Ng6 18. Qh6 Nce7 19. h4 Qe3+ 20. Kb1 Qg3 21. h5 Ng8 22. Qg5 Qxg5 23. fxg5 Ne5 24. Ne2 Ne7 25. Rh1 Rg8 26. g6 hxg6 27. hxg6+ Kg7 28. Rh7+ Kf8 29. Nf4 N7xg6 30. Nxe6+ dxe6 31. Be4 Bb7 32. Bxb7 Rb8 33. Nc5 1-0

[Event "CAN-op"]
[Site "Victoria CAN"]
[Date "2012.07.12"]
[Round "8.14"]
[White "Lessler, Peter"]
[Black "Kenney, Jason"]
[Result "1/2-1/2"]
[WhiteElo "2217"]
[BlackElo "2142"]
[PlyCount "76"]
[GameId "2160767909508291"]
[EventDate "2012.07.08"]
[EventType "swiss"]
[EventRounds "9"]
[EventCountry "CAN"]

1. d4 Nf6 2. c4 c5 3. d5 b5 4. cxb5 a6 5. bxa6 g6 6. Nc3 Bxa6 7. g3 d6 8. Bg2 Bg7 9. Nf3 O-O 10. O-O Nbd7 11. Rb1 Qa5 12. Bd2 Rfb8 13. Qc2 Ne8 14. a4 Bc8 15. b3 Nb6 16. h3 Bd7 17. Rfe1 Qa6 18. e4 c4 19. Bf1 cxb3 20. Rxb3 Qc8 21. Bb5 Bxb5 22. Rxb5 Nc4 23. Rc1 Qxh3 24. Rxb8 Rxb8 25. Nb5 Rc8 26. Qd3 Nxd2 27. Qxd2 Nf6 28. Rxc8+ Qxc8 29. Qd3 Nd7 30. Nbd4 Nc5 31. Qc2 Qa6 32. Nc6 Qxa4 33. Nxe7+ Kf8 34. Qxa4 Nxa4 35. Nc8 Nc3 36. Nd2 f5 37. exf5 gxf5 38. Nxd6 f4 1/2-1/2

[Event "CAN-op"]
[Site "Victoria CAN"]
[Date "2012.07.12"]
[Round "8.17"]
[White "Kong, Dezheng"]
[Black "Barron, Michael"]
[Result "0-1"]
[WhiteElo "2068"]
[BlackElo "2275"]
[PlyCount "74"]
[GameId "2160767909508292"]
[EventDate "2012.07.08"]
[EventType "swiss"]
[EventRounds "9"]
[EventCountry "CAN"]

1. c4 f5 2. g3 Nf6 3. Bg2 e5 4. Nc3 c6 5. d4 d6 6. e4 fxe4 7. Nxe4 Bf5 8. Nc3 Nbd7 9. Nge2 Be7 10. O-O O-O 11. h3 Qb6 12. b3 Rf7 13. Be3 Qa5 14. g4 Bg6 15. dxe5 dxe5 16. g5 Bb4 17. gxf6 Bxc3 18. Nxc3 Qxc3 19. fxg7 Rxg7 20. Kh2 Kh8 21. Qd2 Qxd2 22. Bxd2 Kg8 23. f4 Rf7 24. fxe5 Nxe5 25. Rxf7 Kxf7 26. Be3 a6 27. Rd1 Re8 28. Bb6 Nd3 29. Bf1 Re1 30. Rxd3 Rxf1 31. Rd7+ Ke6 32. Rxb7 Ra1 33. a4 Rb1 34. Ba5 Bc2 35. b4 h5 36. Rb6 Be4 37. Rxa6 h4 0-1

[Event "CAN-op"]
[Site "Victoria CAN"]
[Date "2012.07.12"]
[Round "8.19"]
[White "Jiganchine, Roman"]
[Black "Ozkan, Charlie"]
[Result "1/2-1/2"]
[WhiteElo "2177"]
[BlackElo "1931"]
[PlyCount "84"]
[GameId "2160767909508293"]
[EventDate "2012.07.08"]
[EventType "swiss"]
[EventRounds "9"]
[EventCountry "CAN"]

1. e4 b6 2. d4 Bb7 3. Bd3 e6 4. Nf3 Nf6 5. Nbd2 c5 6. c3 Be7 7. O-O O-O 8. a3 Qc7 9. Re1 Ba6 10. Bb1 cxd4 11. cxd4 d6 12. Nf1 Nbd7 13. Ng3 Rfd8 14. b3 Nf8 15. Bb2 Ng6 16. Qd2 Rac8 17. h3 Qd7 18. Bc2 Rc7 19. Rac1 Rdc8 20. Bb1 Qb5 21. b4 Rxc1 22. Rxc1 Rxc1+ 23. Qxc1 Qc4 24. Qxc4 Bxc4 25. Bc1 h6 26. Ne1 Ne8 27. Nf1 Nc7 28. Nd2 Bb5 29. g3 Bf6 30. Bb2 Nf8 31. f4 Nd7 32. Nef3 Be7 33. Bc2 Bc6 34. Kf2 d5 35. e5 g6 36. Ke3 b5 37. Nb3 Nb6 38. Nfd2 Kf8 39. Nc5 Kg7 40. Bd1 Kf8 41. Bf3 Kg7 42. Bd1 Kf8 1/2-1/2

[Event "CAN-op"]
[Site "Victoria CAN"]
[Date "2012.07.12"]
[Round "8.20"]
[White "Finlay, Ian"]
[Black "Plotkin, Mark"]
[Result "0-1"]
[WhiteElo "1859"]
[BlackElo "1976"]
[PlyCount "72"]
[GameId "2160767909508294"]
[EventDate "2012.07.08"]
[EventType "swiss"]
[EventRounds "9"]
[EventCountry "CAN"]

1. e4 e5 2. Nf3 Nf6 3. Nc3 Bb4 4. a3 Bxc3 5. dxc3 O-O 6. Bg5 h6 7. Bh4 d6 8. Bd3 Be6 9. Qd2 Nbd7 10. b4 Re8 11. h3 Nf8 12. O-O Ng6 13. Bg3 Nh5 14. Bh2 Ngf4 15. Kh1 Qf6 16. Rg1 Nxh3 17. Rgf1 Bg4 18. Be2 N3f4 19. Ng1 Qg5 20. Bxg4 Qxg4 21. f3 Ng3+ 22. Bxg3 Qxg3 23. Qf2 Nh5 24. Ne2 Qg5 25. g3 Re6 26. Rg1 c6 27. Rg2 g6 28. Rag1 d5 29. f4 Qg4 30. Rh2 dxe4 31. Rh4 Qf3+ 32. Rg2 Rd8 33. Qxa7 Rd2 34. Qf2 Rxe2 35. Qxf3 exf3 36. Rg1 f2 0-1

[Event "CAN-op"]
[Site "Victoria CAN"]
[Date "2012.07.12"]
[Round "8.21"]
[White "Botez, Alexandra"]
[Black "Ummel, Igor"]
[Result "1/2-1/2"]
[WhiteElo "2028"]
[BlackElo "2175"]
[PlyCount "93"]
[GameId "2160767909508295"]
[EventDate "2012.07.08"]
[EventType "swiss"]
[EventRounds "9"]
[EventCountry "CAN"]

1. d4 Nf6 2. c4 c5 3. d5 e6 4. Nc3 exd5 5. cxd5 d6 6. Nf3 g6 7. Bf4 a6 8. a4 Bg7 9. e4 O-O 10. Nd2 Re8 11. Be2 Qe7 12. O-O Nbd7 13. h3 Ne5 14. Bh2 g5 15. f4 gxf4 16. Bxf4 Nfd7 17. Nf3 Nxf3+ 18. Bxf3 Ne5 19. Bh5 Rf8 20. Qd2 Ng6 21. Bg3 Bd7 22. a5 Be5 23. Bxe5 Qxe5 24. Qh6 Rae8 25. Rf2 Qg7 26. Qd2 Re5 27. g4 Re7 28. Kh1 f6 29. Bxg6 Qxg6 30. Qf4 Re5 31. Rg1 Bb5 32. Rg3 Qg5 33. Kg2 Qxf4 34. Rxf4 Kg7 35. h4 h6 36. Rf5 Bd7 37. Rf4 Be8 38. h5 Bd7 39. Nd1 Rfe8 40. Kf3 Kf7 41. Ne3 Rg5 42. Nf5 Bxf5 43. Rxf5 b5 44. axb6 Rb8 45. Kf4 Rxb6 46. b3 Rb8 47. Rf3 1/2-1/2

[Event "CAN-op"]
[Site "Victoria CAN"]
[Date "2012.07.12"]
[Round "8.22"]
[White "Chan, James"]
[Black "Wu, Ruining (Ray)"]
[Result "1/2-1/2"]
[WhiteElo "2128"]
[BlackElo "1835"]
[PlyCount "89"]
[GameId "2160767909508296"]
[EventDate "2012.07.08"]
[EventType "swiss"]
[EventRounds "9"]
[EventCountry "CAN"]

1. d4 d5 2. c4 c6 3. Nf3 Nf6 4. g3 Bf5 5. Nc3 e6 6. Bg2 Nbd7 7. O-O Bd6 8. Nd2 Bg6 9. e4 dxe4 10. Ndxe4 Be7 11. b3 O-O 12. Bb2 Nxe4 13. Nxe4 Nf6 14. Nc3 Qa5 15. a3 Rad8 16. b4 Qa6 17. b5 Qb6 18. Na4 Qc7 19. Qe2 cxb5 20. cxb5 Nd5 21. Rac1 Qb8 22. Nc5 Bf6 23. h4 h6 24. Rfd1 Rd6 25. Ne4 Bxe4 26. Bxe4 Be7 27. Bb1 a6 28. a4 axb5 29. axb5 Re8 30. Qc2 f5 31. Re1 Bf6 32. Re2 h5 33. Rce1 Kf7 34. Qb3 g6 35. Ba3 Rd7 36. Qd3 Qa7 37. Bc5 b6 38. Ba3 Qa4 39. Bb2 Nc7 40. Bc2 Qxb5 41. Qxb5 Nxb5 42. Ba4 Rd5 43. Bb3 Rd6 44. Ba4 Rd5 45. Bb3 1/2-1/2

[Event "CAN-op"]
[Site "Victoria CAN"]
[Date "2012.07.12"]
[Round "8.23"]
[White "Longo, Tyler"]
[Black "Yearwood, Roy"]
[Result "1-0"]
[WhiteElo "1909"]
[BlackElo "2106"]
[PlyCount "69"]
[GameId "2160767909508297"]
[EventDate "2012.07.08"]
[EventType "swiss"]
[EventRounds "9"]
[EventCountry "CAN"]

1. d4 b6 2. Nf3 Bb7 3. e3 Nf6 4. Bd3 e6 5. O-O c5 6. b3 d6 7. Bb2 Be7 8. Nbd2 Nbd7 9. c4 O-O 10. Qe2 Re8 11. Rad1 Bf8 12. e4 cxd4 13. Bxd4 e5 14. Ba1 Nc5 15. b4 Ne6 16. Rfe1 Nf4 17. Qf1 Bc8 18. h3 h6 19. c5 g5 20. Bb5 g4 21. Bxe8 gxf3 22. Bxf7+ Kxf7 23. Nxf3 bxc5 24. bxc5 Qa5 25. Qc4+ Be6 26. Qc3 Qa4 27. cxd6 Ne2+ 28. Rxe2 Qxd1+ 29. Re1 Qxd6 30. Nxe5+ Ke8 31. Nc4 Bxc4 32. Qxc4 Nd7 33. e5 Qb4 34. Qe6+ Qe7 35. Qc6 1-0

[Event "CAN-op"]
[Site "Victoria CAN"]
[Date "2012.07.12"]
[Round "8.24"]
[White "MacKinnon, Keith"]
[Black "Beaudin, Jesse"]
[Result "1-0"]
[WhiteElo "2353"]
[BlackElo "1994"]
[PlyCount "61"]
[GameId "2160767909508298"]
[EventDate "2012.07.08"]
[EventType "swiss"]
[EventRounds "9"]
[EventCountry "CAN"]

1. e4 c5 2. Nf3 d6 3. d4 cxd4 4. Nxd4 Nf6 5. Nc3 g6 6. Be3 Bg7 7. f3 Bd7 8. Qd2 Nc6 9. O-O-O a6 10. g4 h6 11. Kb1 Qc7 12. h4 Rc8 13. Rg1 b5 14. g5 hxg5 15. hxg5 Nh7 16. f4 Nf8 17. f5 Ne5 18. Nd5 Qd8 19. f6 exf6 20. gxf6 Bxf6 21. Nxf6+ Qxf6 22. Bg5 Qg7 23. Nxb5 axb5 24. Qxd6 f6 25. Bxf6 Qh7 26. Qxe5+ Be6 27. Bxb5+ Kf7 28. Bxh8 Kg8 29. Rdf1 Qa7 30. Rxg6+ Kh7 31. Qh5# 1-0

[Event "CAN-op"]
[Site "Victoria CAN"]
[Date "2012.07.12"]
[Round "8.25"]
[White "Wagner, Bernd"]
[Black "Han, Yiming"]
[Result "1-0"]
[WhiteElo "2218"]
[BlackElo "1968"]
[PlyCount "77"]
[GameId "2160767909508299"]
[EventDate "2012.07.08"]
[EventType "swiss"]
[EventRounds "9"]
[EventCountry "CAN"]

1. e4 e5 2. Nf3 Nc6 3. Bc4 Bc5 4. b4 Bxb4 5. c3 Ba5 6. Qb3 Qe7 7. d4 exd4 8. O-O Bb6 9. Ba3 d6 10. e5 Be6 11. exd6 cxd6 12. Re1 O-O-O 13. cxd4 Bxd4 14. Bxe6+ fxe6 15. Nxd4 Nxd4 16. Qc4+ Nc6 17. Rxe6 Qf7 18. Nc3 Nf6 19. Nb5 Kb8 20. Bxd6+ Ka8 21. Nc7+ Kb8 22. Bg3 Rd7 23. Rxc6 bxc6 24. Qxc6 Rxc7 25. Rb1+ Kc8 26. Bxc7 Qxc7 27. Qa8+ Kd7 28. Qxh8 Ke6 29. Qb8 Qa5 30. Qc8+ Kf7 31. Qc4+ Kg6 32. h3 Qd2 33. Rb3 Qe1+ 34. Kh2 Qe5+ 35. f4 Qa5 36. Rb7 Qa3 37. Qf7+ Kf5 38. Rb5+ Ke4 39. Qc4+ 1-0

[Event "CAN-op"]
[Site "Victoria CAN"]
[Date "2012.07.12"]
[Round "8.27"]
[White "Erichsen, Dan"]
[Black "Molden, Leonard"]
[Result "1-0"]
[WhiteElo "2110"]
[BlackElo "1840"]
[PlyCount "79"]
[GameId "2160767909508300"]
[EventDate "2012.07.08"]
[EventType "swiss"]
[EventRounds "9"]
[EventCountry "CAN"]

1. e4 b6 2. d4 Bb7 3. Bd3 g6 4. Be3 Bg7 5. Nc3 e6 6. Qd2 h6 7. O-O-O Ne7 8. f4 d6 9. Nf3 Nd7 10. g4 c5 11. Rhf1 a6 12. Rde1 b5 13. e5 b4 14. Nd1 Qa5 15. Kb1 d5 16. dxc5 Nxc5 17. Bxc5 Qxc5 18. f5 gxf5 19. gxf5 Nxf5 20. Bxf5 exf5 21. Rg1 Bf8 22. Nd4 O-O-O 23. Ne3 f4 24. Nef5 Re8 25. Qxf4 f6 26. exf6 Re4 27. Rxe4 dxe4 28. Rd1 Bd5 29. Nb3 Qc4 30. Qe5 Be6 31. Ne3 Qc6 32. Nd4 Qc5 33. Qxe6+ Kb7 34. Qxe4+ Kb6 35. Nb3 Qb5 36. Nd5+ Ka7 37. Qd4+ Kb7 38. f7 Rh7 39. Qe4 Rxf7 40. Nc3+ 1-0

[Event "CAN-op"]
[Site "Victoria CAN"]
[Date "2012.07.12"]
[Round "8.28"]
[White "Daniluk, Jim"]
[Black "Raymer, Elliot"]
[Result "1-0"]
[WhiteElo "2059"]
[BlackElo "1818"]
[PlyCount "48"]
[GameId "2160767909508301"]
[EventDate "2012.07.08"]
[EventType "swiss"]
[EventRounds "9"]
[EventCountry "CAN"]

1. d4 Nf6 2. Nf3 e6 3. c4 d5 4. g3 Be7 5. Bg2 O-O 6. O-O b6 7. Qc2 Bb7 8. Ne5 Nbd7 9. Nd3 dxc4 10. Bxb7 cxd3 11. Qxd3 Rb8 12. Bg2 Nd5 13. a3 Bf6 14. e4 Ne7 15. Rd1 g6 16. Nc3 Bg7 17. Bg5 f6 18. Bf4 e5 19. dxe5 Nxe5 20. Bxe5 Qxd3 21. Rxd3 fxe5 22. Rd7 Nc6 23. Bh3 Rb7 24. Be6+ Kh8 1-0

[Event "CAN-op"]
[Site "Victoria CAN"]
[Date "2012.07.12"]
[Round "8.29"]
[White "Fiedler, Brian"]
[Black "Currie, James"]
[Result "1/2-1/2"]
[WhiteElo "2102"]
[BlackElo "1954"]
[PlyCount "134"]
[GameId "2160767909508302"]
[EventDate "2012.07.08"]
[EventType "swiss"]
[EventRounds "9"]
[EventCountry "CAN"]

1. c4 Nf6 2. g3 g6 3. Bg2 Bg7 4. Nc3 O-O 5. d3 d6 6. Nf3 Na6 7. O-O c6 8. e4 Qa5 9. Ne1 Be6 10. Bd2 Qe5 11. Bf4 Qh5 12. Qxh5 Nxh5 13. Be3 Nf6 14. h3 Rfd8 15. Nc2 Nc7 16. f4 a5 17. f5 Bd7 18. d4 Be8 19. g4 Nd7 20. g5 Rac8 21. Rf2 c5 22. Bf1 f6 23. Rd1 Bf7 24. Rfd2 Na6 25. Nd5 Bxd5 26. cxd5 Nb4 27. fxg6 hxg6 28. Bb5 c4 29. Nxb4 axb4 30. Rc2 Nb6 31. Rdc1 f5 32. Bxc4 fxe4 33. Bb3 Rb8 34. Rc7 Kf7 35. Kg2 Rh8 36. Kg3 Ke8 37. Bd2 Bxd4 38. Bxb4 Be3 39. Re1 Bxg5 40. Rxe4 Kd8 41. Rc2 Nd7 42. Bc3 Bf6 43. Bxf6 Nxf6 44. Re6 Rh7 45. h4 Kd7 46. Rce2 b5 47. a4 bxa4 48. Bxa4+ Kd8 49. Bc6 Rb3+ 50. R6e3 Rb4 51. Ra3 Ne4+ 52. Kg2 Rc4 53. b3 Rxc6 54. dxc6 Rxh4 55. b4 Nf6 56. b5 Nd5 57. Ra8+ Kc7 58. Ra7+ Kc8 59. Rb2 Ne3+ 60. Kg1 Rg4+ 61. Kh1 Rh4+ 62. Rh2 Rxh2+ 63. Kxh2 Nd5 64. Ra8+ Kc7 65. Ra7+ Kc8 66. Ra8+ Kc7 67. Ra7+ Kc8 1/2-1/2

[Event "CAN-op"]
[Site "Victoria CAN"]
[Date "2012.07.12"]
[Round "8.32"]
[White "Chernik, Dmitry"]
[Black "McKay, Arnold"]
[Result "1-0"]
[WhiteElo "2029"]
[BlackElo "1830"]
[PlyCount "115"]
[GameId "2160767909508303"]
[EventDate "2012.07.08"]
[EventType "swiss"]
[EventRounds "9"]
[EventCountry "CAN"]

1. e4 e6 2. Qe2 Nc6 3. Nf3 Bc5 4. g3 d6 5. Bg2 Bd7 6. O-O Nge7 7. d3 Ng6 8. Be3 Bb6 9. Nbd2 a6 10. Bxb6 cxb6 11. c3 b5 12. d4 O-O 13. Rad1 d5 14. exd5 exd5 15. Rfe1 Re8 16. Qd3 Qf6 17. Rxe8+ Rxe8 18. Re1 Rxe1+ 19. Nxe1 Bf5 20. Qe3 Qe6 21. a3 Qxe3 22. fxe3 Nge7 23. e4 Be6 24. Nd3 b6 25. Nf4 dxe4 26. Nxe4 Bb3 27. Kf2 a5 28. Nd6 b4 29. axb4 axb4 30. Nc8 Nxc8 31. Bxc6 Ne7 32. Bb5 bxc3 33. bxc3 g5 34. Nd3 Nd5 35. c4 Nc7 36. Nc1 Nxb5 37. Nxb3 Nd6 38. c5 bxc5 39. dxc5 Nb5 40. Ke3 f6 41. Nd4 Nc7 42. Ke4 Kf7 43. g4 Ke7 44. Nc6+ Kf7 45. Nb4 Ke6 46. c6 Ne8 47. Nd5 Nd6+ 48. Kd4 Nc8 49. c7 f5 50. gxf5+ Kxf5 51. Kc5 Ke6 52. Nb6 Nd6 53. Nc4 Nc8 54. Kc6 h5 55. Kb7 Ne7 56. Na5 g4 57. Nc6 Nf5 58. c8=Q+ 1-0

[Event "CAN-op"]
[Site "Victoria CAN"]
[Date "2012.07.12"]
[Round "8.35"]
[White "Trochtchanovitch, Pavel"]
[Black "Lundy, George"]
[Result "1-0"]
[WhiteElo "2014"]
[BlackElo "1569"]
[PlyCount "45"]
[GameId "2160767909508304"]
[EventDate "2012.07.08"]
[EventType "swiss"]
[EventRounds "9"]
[EventCountry "CAN"]

1. e4 e5 2. Nf3 Nc6 3. d4 exd4 4. Bc4 Bb4+ 5. c3 Be7 6. O-O d6 7. Qb3 Kf8 8. Bxf7 Na5 9. Qa4 c6 10. Bxg8 Kxg8 11. cxd4 Bg4 12. Nbd2 b5 13. Qc2 d5 14. Ne5 Bd7 15. Qc3 Be8 16. Re1 Rc8 17. Qh3 Rc7 18. Qe6+ Kf8 19. Re3 Nb7 20. Nb3 Bf6 21. Bd2 Bf7 22. Bb4+ Kg8 23. Nxf7 1-0

[Event "CAN-op"]
[Site "Victoria CAN"]
[Date "2012.07.12"]
[Round "8.39"]
[White "Bates, Darren"]
[Black "North, Robert"]
[Result "1/2-1/2"]
[WhiteElo "1741"]
[BlackElo "1913"]
[PlyCount "56"]
[GameId "2160767909508305"]
[EventDate "2012.07.08"]
[EventType "swiss"]
[EventRounds "9"]
[EventCountry "CAN"]
[SourceTitle "EXT 2022"]
[Source "ChessBase"]
[SourceDate "2021.10.06"]
[SourceVersion "1"]
[SourceVersionDate "2021.10.06"]
[SourceQuality "1"]

1. e4 c5 2. Nf3 d6 3. Bb5+ Bd7 4. Bxd7+ Qxd7 5. O-O Nc6 6. Qe2 e5 7. c3 Nf6 8. Na3 g6 9. d4 Bg7 10. dxc5 dxc5 11. h3 O-O 12. Rd1 Qe7 13. g4 b6 14. Bg5 Rfd8 15. Rd5 h6 16. Bxf6 Qxf6 17. Rad1 Kh7 18. Kg2 Qe7 19. Qb5 Qc7 20. Nc4 f6 21. Nh4 Rab8 22. a4 Bf8 23. b3 Rxd5 24. exd5 Ne7 25. Kf1 Rd8 26. Ne3 Nc8 27. Qd3 Qf7 28. c4 Nd6 1/2-1/2

[Event "CAN-op"]
[Site "Victoria CAN"]
[Date "2012.07.12"]
[Round "8.40"]
[White "Leblanc, Paul"]
[Black "Han, Yifei"]
[Result "1/2-1/2"]
[WhiteElo "1887"]
[BlackElo "1855"]
[PlyCount "100"]
[GameId "2160767909508306"]
[EventDate "2012.07.08"]
[EventType "swiss"]
[EventRounds "9"]
[EventCountry "CAN"]
[SourceTitle "EXT 2022"]
[Source "ChessBase"]
[SourceDate "2021.10.06"]
[SourceVersion "1"]
[SourceVersionDate "2021.10.06"]
[SourceQuality "1"]

1. d4 f5 2. g3 Nf6 3. Bg2 d6 4. b3 g6 5. Bb2 Bg7 6. Nf3 O-O 7. O-O Ne4 8. c4 Nc6 9. Qc2 e5 10. dxe5 dxe5 11. a3 Qe7 12. e3 Be6 13. Nc3 Nxc3 14. Bxc3 Rad8 15. Qb2 Bc8 16. Rad1 e4 17. Bxg7 Qxg7 18. Qxg7+ Kxg7 19. Nd4 Nxd4 20. Rxd4 c5 21. Rdd1 Be6 22. Rfe1 b5 23. Bf1 bxc4 24. Bxc4 Bxc4 25. bxc4 Rd3 26. Rxd3 exd3 27. Rb1 Kf6 28. Kf1 Ke5 29. f3 g5 30. Ke1 f4 31. gxf4+ gxf4 32. Kd2 Rd8 33. exf4+ Kd4 34. Rb3 Kxc4 35. Rc3+ Kb5 36. Rxd3 Rf8 37. Ke3 Re8+ 38. Kd2 Re7 39. Re3 Rg7 40. f5 Rf7 41. Re5 Kc4 42. Ke3 Rc7 43. f6 Rf7 44. Re6 a5 45. Ke4 Kb3 46. Ke5 c4 47. Re7 Rf8 48. f7 Kxa3 49. Ke6 c3 50. Rc7 Kb2 1/2-1/2

[Event "CAN-op"]
[Site "Victoria CAN"]
[Date "2012.07.12"]
[Round "8.45"]
[White "Dunn, Garth"]
[Black "Doknjas, John"]
[Result "0-1"]
[WhiteElo "1741"]
[BlackElo "1990"]
[PlyCount "74"]
[GameId "2160767909508307"]
[EventDate "2012.07.08"]
[EventType "swiss"]
[EventRounds "9"]
[EventCountry "CAN"]
[SourceTitle "EXT 2022"]
[Source "ChessBase"]
[SourceDate "2021.10.06"]
[SourceVersion "1"]
[SourceVersionDate "2021.10.06"]
[SourceQuality "1"]

1. d4 Nf6 2. c4 c5 3. e3 e6 4. Nf3 d5 5. Bd3 Nc6 6. O-O Be7 7. cxd5 exd5 8. dxc5 Bxc5 9. a3 O-O 10. b4 Bd6 11. Bb2 Bg4 12. Nbd2 Qe7 13. Qb1 Ne5 14. Be2 Rfe8 15. Re1 Ne4 16. Qd1 Bxf3 17. Nxf3 Nxf3+ 18. Bxf3 Bxh2+ 19. Kxh2 Qh4+ 20. Kg1 Qxf2+ 21. Kh2 Re6 22. Bxg7 Kxg7 23. Rf1 Rh6+ 24. Bh5 Qh4+ 25. Kg1 Rxh5 26. Qxh5 Qxh5 27. Rf4 Rg8 28. Raf1 Kh8 29. R1f3 Qg5 30. g4 f5 31. Rh3 Qxg4+ 32. Rxg4 fxg4 33. Rh5 Rg5 34. Rh6 g3 35. Re6 g2 36. Re7 Kg8 37. Rxb7 Nd2 0-1